000 00857nam a22002657a 4500
005 20111215101218.0
008 111215t xxu||||| |||| 00| 0 eng d
010 _aENG-104315
020 _a9780198077350
_c675.00
020 _a0198077351
_c675.00
035 _aEN-87848
037 _bDBAD / PUB
040 _adpl
_bEnglish
100 _928493
_aSubbarayalu, Y.
245 _aSouth India under the Cholas /
_cby Y. Subbarayalu
260 _aNew Delhi
_bOxford University Press
_c2012
270 _aYMCA Library Building, Jai Singh Road
_bNew Delhi
_e110001
300 _axvi,274p.
_c22cm (pbk)
500 _aIncludes index
650 _928496
650 _928522
700 _928520
942 _2ddc
_cEN
_mSUB
999 _c59459
_d59459